Understanding business / (Record no. 1483)
[ view plain ]
| 000 -LEADER | |
|---|---|
| fixed length control field | 01404cac a22003255a 4500 |
| 006 - FIXED-LENGTH DATA ELEMENTS--ADDITIONAL MATERIAL CHARACTERISTICS--GENERAL INFORMATION | |
| fixed length control field | a||||f ||z 00| 0 |
| 008 - FIXED-LENGTH DATA ELEMENTS--GENERAL INFORMATION | |
| fixed length control field | 130901t2006 N aa |r|||| 001 0 eng d |
| 010 ## - LIBRARY OF CONGRESS CONTROL NUMBER | |
| LC control number | 2003060256 |
| 020 ## - INTERNATIONAL STANDARD BOOK NUMBER | |
| International Standard Book Number | 0071255915 |
| 020 ## - INTERNATIONAL STANDARD BOOK NUMBER | |
| International Standard Book Number | 9780071255912 |
| 040 ## - CATALOGING SOURCE | |
| Language of cataloging | eng |
| Modifying agency | EG-ScBUE |
| 082 04 - DEWEY DECIMAL CLASSIFICATION NUMBER | |
| Classification number | 650 |
| Item number | NIC |
| Edition number | 22 |
| 100 1# - MAIN ENTRY--PERSONAL NAME | |
| Personal name | Nickels, William G. |
| 9 (RLIN) | 3021 |
| 245 10 - TITLE STATEMENT | |
| Title | Understanding business / |
| Statement of responsibility, etc | William G. Nickels, James M. McHugh, Susan M. McHugh. |
| 250 ## - EDITION STATEMENT | |
| Edition statement | 7th ed , McGraw-Hill international ed. |
| 260 ## - PUBLICATION, DISTRIBUTION, ETC. (IMPRINT) | |
| Place of publication, distribution, etc | New York : |
| Name of publisher, distributor, etc | McGraw-Hill/Irwin / The McGraw-Hill Companies, Inc., |
| Date of publication, distribution, etc | c.2006. |
| 300 ## - PHYSICAL DESCRIPTION | |
| Extent | 1 vol. (various pagings) : |
| Other physical details | ill. (chiefly col.) ; |
| Dimensions | 29 cm. + |
| Accompanying material | 1 CD-ROM (4 3/4 in.) |
| 500 ## - GENERAL NOTE | |
| General note | Includes glossary. |
| 504 ## - BIBLIOGRAPHY, ETC. NOTE | |
| Bibliography, etc | Includes bibliographical references & indexes. |
| 538 ## - SYSTEM DETAILS NOTE | |
| System details note | System requriments: Windows 98/NT/2000/XP Pentium III with MMX or equivalent, 128 MB RAM BX + CD-ROM drive Monitor: SVGA color 800 x 600 screen resoution supporting True Color. 16-bit soundcard DirectX version 7.0 or later QuickTime 6 or later 6MB Free disk space |
| 590 ## - LOCAL NOTE (RLIN) | |
| Local note | doha<br/>Reviewed by: Wessam |
| 650 #0 - SUBJECT ADDED ENTRY--TOPICAL TERM | |
| Topical term or geographic name as entry element | Industrial management. |
| 9 (RLIN) | 33560 |
| Source of heading or term | BUEsh |
| 650 #0 - SUBJECT ADDED ENTRY--TOPICAL TERM | |
| Topical term or geographic name as entry element | Business. |
| 9 (RLIN) | 33561 |
| Source of heading or term | BUEsh |
| 650 #0 - SUBJECT ADDED ENTRY--TOPICAL TERM | |
| Topical term or geographic name as entry element | Business |
| General subdivision | Vocational guidance. |
| 9 (RLIN) | 33562 |
| Source of heading or term | BUEsh |
| 651 ## - SUBJECT ADDED ENTRY--GEOGRAPHIC NAME | |
| Source of heading or term | BUEsh |
| 653 ## - INDEX TERM--UNCONTROLLED | |
| Arrived date list | August2015 |
| 700 1# - ADDED ENTRY--PERSONAL NAME | |
| Personal name | McHugh, James M. |
| 9 (RLIN) | 3025 |
| 700 1# - ADDED ENTRY--PERSONAL NAME | |
| Personal name | McHugh, Susan M. |
| 9 (RLIN) | 3026 |
| 942 ## - ADDED ENTRY ELEMENTS (KOHA) | |
| Item type | Book - Borrowing |
| Call number prefix | 650 NIC |
| Source of classification or shelving scheme | Dewey Decimal Classification |
| Withdrawn status | Item status | Damaged status | Not for loan | Home library | Current library | Shelving location | Date acquired | Source of acquisition | Total Checkouts | Total Renewals | Full call number | Barcode | Date last seen | Date last borrowed | Koha item type | Source of classification or shelving scheme | Materials specified (bound volume or other part) |
|---|---|---|---|---|---|---|---|---|---|---|---|---|---|---|---|---|---|
| Central Library | Central Library | First floor | 19/10/2006 | Purchase | 9 | 3 | 650 NIC | 000002903 | 15/07/2025 | 03/01/2017 | Book - Borrowing | ||||||
| Central Library | Central Library | First floor | 23/08/2015 | 14 | 3 | 650 NIC | 000002902 | 15/07/2025 | 16/12/2018 | Book - Borrowing | Dewey Decimal Classification | ||||||
| Lost | Central Library | Central Library | First floor | 07/11/2007 | Purchase | 1 | 650 NIC | 000007440 | 24/08/2022 | 03/05/2011 | NB - Book (Non borrowing) | Dewey Decimal Classification | Lost_In_Inventory_12-2-2024 | ||||
| Central Library | Central Library | First floor | 07/11/2007 | Purchase | 2 | 650 NIC | 000007530 | 24/08/2022 | CD | DVD - With book | Dewey Decimal Classification | |||||||
| Central Library | Central Library | First floor | 19/10/2006 | Purchase | 1 | 650 NIC | 000007542 | 24/08/2022 | 03/05/2011 | CD | DVD - With book | Dewey Decimal Classification | ||||||
| Central Library | Central Library | First floor | 14/03/2018 | 650 NIC | 000047397 | 15/07/2025 | Book - Borrowing | Dewey Decimal Classification |